| 000 | 00888nam a2200205 4500 | ||
|---|---|---|---|
| 999 |
_c60081 _d60081 |
||
| 005 | 20230712111602.0 | ||
| 008 | 230605s2019 aw ||||| |||| 00| 0 ara d | ||
| 020 | _a9788378932291 | ||
| 041 | _aaw | ||
| 080 | _a821.353.1-82.03=222.1 G-37 | ||
| 245 |
_aGeorgian Literature Samples = ქართული ლიტერატურის ნიმუშები / _c Translate by Magali Todua; edit by Ehsan Khazai and Mohsen Hoseini. |
||
| 264 |
_aWojnowice, _c2019. |
||
| 300 | _b21 cm. | ||
| 653 | _aქართული ლიტერატურა -- კრებულები. | ||
| 653 | _aტექსტი სპარსულ ენაზე. | ||
| 700 |
_aTodua, Magali _eმთარგმნელი _918494 |
||
| 700 |
_aKhazai, Ehsan _eრედაქტორი _918495 |
||
| 700 |
_aHoseini, Mohsen _eრედაქტორი _918496 |
||
| 942 |
_2udc _cBK |
||